| 000 | 02255cam a2200325 i 4500 | ||
|---|---|---|---|
| 003 | SA-RiAUC | ||
| 005 | 20241022142904.0 | ||
| 008 | 241019s2010____jo ak g 000 0 ara c | ||
| 020 | _a9789957231361 | ||
| 024 | 0 | _a00000000295901 | |
| 040 |
_aSA-DaKAC _bara _cSA-RiAUC _dKAC _erda |
||
| 082 | 0 | 4 |
_a527.089927 _qSA-RiAUC |
| 090 |
_a527.089927 _b ع م و |
||
| 100 | 1 |
_aالعمودي، عثمان أبي بكر، _dتوفي 1047 هجري _eمؤلف. |
|
| 245 | 1 | 0 |
_aنصب الشرك لاقتناص ما تشتد إليه الحاجة من علم الفلك ؛ _bويليه رسائل فلكية مختصرة من القرن العاشر الهجري / _cتأليف الشيخ عثمان أبي بكر العمودي ؛ شرح وتحقيق أ. د. حسن بن محمد باصرة. |
| 250 | _aالطبعة الأولى. | ||
| 264 | 1 |
_aعمان، الأردن : _bدار الفتح للدراسات والنشر، _c2010 |
|
| 300 |
_a133 صفحة : _bأشكال، جداول ؛ _c23 × 16 سم |
||
| 336 |
_aنص _btxt _2rdacontent _3كتاب |
||
| 337 |
_aبدون وسيط _bn _2rdamedia |
||
| 338 |
_aمجلد _bnc _2rdacarrier |
||
| 500 | _aيشتمل على ملاحق. | ||
| 504 | _aببليوجرافية : صفحة 129-130. | ||
| 505 | 0 | _aالمحتويات : مقدمة الشرح-الجزء الأول : نصب الشرك لاقتناص ما تشتد إليه الحاجة من علم الفلك-مقدمة-الفصل الأول : في معرفة منازل القمر وما يتعلق بها-الفصل الثاني : معرفة شهور الروم ...-الجزء الثاني : مخطوط نبذة لطيفة من علم النجوم والمواقيت-مقدمة-الفصل الأول : توزيع المنازل على الفصول ...-الجزء الثالث : رسائل فلكية-الجزء الرابع : ملاحق علمية. | |
| 650 | 7 |
_aالفلك العربي _2aucsh |
|
| 700 | 1 |
_aباصرة، حسن بن محمد، _d1377 هجري- _eشارح. |
|
| 700 | 1 | 2 |
_iشرح لـ (عمل) : _aالعمودي، عثمان أبي بكر، _dتوفي 1047 هجري. _tنصب الشرك لاقتناص ما تشتد إليه الحاجة من علم الفلك. |
| 942 |
_2ddc _cBOOK _n0 |
||
| 949 |
_aSA-JeALM _d241019 _umohamedma123 _n1 |
||
| 999 |
_c1600 _d1600 |
||